01555nam a2200361Ia 4500001001200000003000800012006001900020007001500039008004100054010001700095020001800112020001800130020001500148040002100163035002100184050002300205082001500228100001800243245005100261250005900312260010300371300005300474500021900527504005600746533015200802650001500954650001500969655002900984700001701013700002001030710001701050856012601067ebr10540423CaPaEBRm u cr cn|||||||||100712s2010 dcuab sb f000 0 eng d z 2010026805 z9780520947931 z9780520268777 z0520268776 aCaPaEBRcCaPaEBR a(OCoLC)78784724114aQE522b.V92 2010eb04a551.212221 aSiebert, Lee.10aVolcanoes of the worldh[electronic resource]. a3rd ed. /bLee Siebert, Tom Simkin, and Paul Kimberly. aWashington, D.C. :bSmithsonian Institution ;aBerkeley ;aUniversity of California Press,cc2010. aix, 551 p. :bill. (some col.), maps (some col.) aFirst ed. entered under title: Volcanoes of the world : a regional directory, gazetteer, and chronology of volcanism during the last 10,000 years / Tom Simkin ... [et al.]. Stroudsburg, Pa. : Hutchison Ross. c1981. aIncludes bibliographical references (p. [480]-551). aElectronic reproduction.bPalo Alto, Calif. :cebrary,d2011.nAvailable via World Wide Web.nAccess may be limited to ebrary affiliated libraries. 0aVolcanoes. 0aVolcanism. 7aElectronic books.2local1 aSimkin, Tom.1 aKimberly, Paul.2 aebrary, Inc.40uhttp://site.ebrary.com/lib/rucke/Doc?id=10540423zAn electronic book accessible through the World Wide Web; click to view